Buď Vyšehrad, alebo jadro

Názor rakúskeho kancelára na rozdelenosť Vyšehradskej štvorky. Kritický pohľad francúzskeho prezidenta E. Macrona. Slovensko ako krajina, proti ktorej Európska komisia nevedie konanie pre nedodržanie legislatívy Únie. Iniciatíva troch morí (krajiny od Baltického mora po Jadran a Čierne more). Vzďaľo...

ver descrição completa

Na minha lista:
Detalhes bibliográficos
Autor principal: Leško, Marián
Formato: Capítulo de Livro
Idioma:eslovaco
Assuntos:
Tags: Adicionar Tag
Sem tags, seja o primeiro a adicionar uma tag!

MARC

LEADER 00000naa a2200000 4500
001 0234539
005 20170719100725.0
041 0 |a slo 
044 |a SK 
245 1 0 |a Buď Vyšehrad, alebo jadro  |c Marián Leško 
520 |a Názor rakúskeho kancelára na rozdelenosť Vyšehradskej štvorky. Kritický pohľad francúzskeho prezidenta E. Macrona. Slovensko ako krajina, proti ktorej Európska komisia nevedie konanie pre nedodržanie legislatívy Únie. Iniciatíva troch morí (krajiny od Baltického mora po Jadran a Čierne more). Vzďaľovanie sa Maďarska od EÚ. Snaha Česka udržať sa v jadre EÚ. 
610 2 0 |a Vyšehradská štvorka 
610 2 0 |a Európska únia 
610 2 0 |a integrácia ekonomická medzinárodná 
610 2 0 |a vzťahy medzinárodné 
610 2 0 |a politika medzinárodná 
100 1 |a Leško, Marián